书目信息 |
| 题名: |
寿险释疑解惑
|
|
| 作者: | 王孝明 编著 | |
| 分册: | ||
| 出版信息: | 北京 中国水利水电出版社出版社 2004.05 |
|
| 页数: | 189页 | |
| 开本: | 20cm | |
| 丛书名: | ||
| 单 册: | ||
| 中图分类: | F842.62 | |
| 科图分类: | ||
| 主题词: | 人寿保险--基本知识--中国 | |
| 电子资源: | ||
| ISBN: | 7-5084-1950-2 | |
| 000 | 00752nam0 2200229 450 | |
| 001 | 012008867735 | |
| 005 | 20080424104857.87 | |
| 010 | @a7-5084-1950-2@dCNY14.00 | |
| 100 | @a20080424d2004 km y0chiy0120 ea | |
| 101 | 0 | @achi |
| 102 | @aCN@b110000 | |
| 105 | @ay z 000yy | |
| 106 | @ar | |
| 200 | 1 | @a寿险释疑解惑@AShou Xian Shi Yi Jie Huo@f王孝明编著@Fwang xiao ming bian zhu |
| 210 | @a北京@c中国水利水电出版社出版社@d2004.05 | |
| 215 | @a189页@d20cm | |
| 330 | @a本书从投保、法律、新动态的疑惑三个方面着手,精选消费者常见的一些保险问题、结合大量事例进行分析。 | |
| 606 | 0 | @a人寿保险@x基本知识@y中国 |
| 690 | @aF842.62@v4 | |
| 701 | 0 | @a王孝明@Awang xiao ming@4编著 |
| 801 | 0 | @aCN@bQSSK@c20080424 |
| 905 | @b20702343-45@dF842.62@eW384@f3 | |
| 寿险释疑解惑/王孝明编著.-北京:中国水利水电出版社出版社,2004.05 |
| 189页;20cm |
| ISBN 7-5084-1950-2:CNY14.00 |
| 本书从投保、法律、新动态的疑惑三个方面着手,精选消费者常见的一些保险问题、结合大量事例进行分析。 |
| ● |
| 相关链接 |
|
|
|
正题名:寿险释疑解惑
索取号:F842.62/W384
 
预约/预借
| 序号 | 登录号 | 条形码 | 馆藏地/架位号 | 状态 | 备注 |
| 1 | 702343 | 207023433 | 社科库409/409社科库 55排4列3层/ [索取号:F842.62/W384] | 在馆 | |
| 2 | 702344 | 207023442 | 社科库409/409社科库 55排4列3层/ [索取号:F842.62/W384] | 在馆 | |
| 3 | 702345 | 207023451 | 社科库409/409社科库 55排4列2层/ [索取号:F842.62/W384] | 在馆 |